5 Most Popular Websites per Year Quiz Stats

Quiz Updated Sep 28, 2016

Challenge
Share
Tweet
Embed
Score 0/100 Timer 04:00
3 Plays Today
% Correct
Google
98%
Google
98%
Google
98%
Google
98%
Google
98%
Google
98%
Google
98%
Google
98%
Google
98%
Google
98%
Google
98%
Google
98%
Google
96%
Google
96%
Yahoo!
92.2%
Yahoo!
92.2%
Yahoo!
92.2%
Yahoo!
92.2%
Yahoo!
92.2%
Yahoo!
92.2%
Yahoo!
92.2%
Yahoo!
92.2%
Yahoo!
92.2%
Yahoo!
92.2%
Yahoo!
92.2%
Yahoo!
92.2%
Yahoo!
92.2%
Yahoo!
92.2%
Yahoo!
92.2%
Yahoo!
92.2%
Yahoo!
92.2%
Yahoo!
92.2%
Yahoo!
86.9%
Yahoo!
86.9%
% Correct
Facebook
85.8%
Facebook
85.8%
Facebook
85.8%
Facebook
85.8%
Facebook
83.3%
Facebook
83.3%
AOL
62.9%
AOL
62.9%
AOL
62.9%
AOL
62.9%
AOL
62.9%
AOL
62.9%
AOL
62.9%
AOL
62.9%
AOL
62.9%
AOL
62.9%
AOL
62.9%
Amazon
61.7%
Amazon
61.7%
Amazon
57%
Amazon
56.9%
AOL
56.2%
MSN
52.3%
MSN
52.3%
MSN
52.3%
MSN
52.3%
MSN
52.3%
MSN
52.3%
eBay
50.6%
eBay
50.6%
eBay
50.6%
eBay
50.6%
eBay
50.6%
Microsoft
26.7%
% Correct
Microsoft
26.3%
Microsoft
26.3%
Microsoft
26.3%
Microsoft
26.3%
Microsoft
26.3%
Microsoft
26.3%
Microsoft
26.3%
Microsoft
26.3%
Microsoft
26.3%
Microsoft
26.3%
Microsoft
26.3%
Fox
19.4%
Fox
19.4%
Fox
19.4%
Netscape
15.3%
Netscape
15.3%
Netscape
15.3%
Lycos
7.5%
Lycos
7.5%
Lycos
7.5%
Geocities
6.5%
Geocities
6.5%
Webcrawler
4%
Time Warner
3.9%
Time Warner
3.9%
Time Warner
3.9%
Time Warner
3.9%
Time Warner
3.9%
Excite
3.6%
Excite
3.6%
Infoseek
1.5%
Vivendi
0.8%

You're not logged in!

Compare scores with friends on all Sporcle quizzes.
Sign Up with Email
OR
Log In

You Might Also Like...

Show Comments

Extras

Top Quizzes Today


Score Distribution

Your Account Isn't Verified!

In order to create a playlist on Sporcle, you need to verify the email address you used during registration. Go to your Sporcle Settings to finish the process.